OECD international direct investment statistics 2013

Guardado en:
Detalles Bibliográficos
Formato: Libro
Lenguaje:inglés
Publicado: Paris OECD 2013
Materias:
Etiquetas: Agregar Etiqueta
Sin Etiquetas, Sea el primero en etiquetar este registro!

MARC

LEADER 00000nam$a2200000$$$4500
001 0177754
005 20240313135048.6
020 |a 978-92-64-19166-2 
041 0 |a eng 
044 |a FR 
245 1 0 |a OECD international direct investment statistics 2013 
264 1 |a Paris  |b OECD  |c 2013 
300 |a 233 s. 
610 2 0 |a investície priame zahraničné 
610 2 0 |a údaje štatistické medzinárodné 
610 2 0 |a porovnanie štatistické medzinárodné